000 00419nam a2200181Ia 4500
001 1491
005 20260306143732.0
008 260306t2012||||xx |||||||||||||| ||spa||
041 _aESP
082 _a150.198
_bB75
100 _aBoszormenyi-Nagy, Ivan
_eAUT
245 0 _aLealtades invisibles
260 _c2012
300 _a443 páginas :
_c23 cm.
650 _aGEN
654 _aCPS
942 _cLIB
_dJUS
_fJUS
_2ddc
_n
999 _c1491
_d1491